| 000 | 01513cam a2200361 a 4500 | ||
|---|---|---|---|
| 001 | 17163176 | ||
| 003 | NUST | ||
| 005 | 20230213103320.0 | ||
| 008 | 120214s2012 pk b 000 0 eng | ||
| 010 | _a 2011329633 | ||
| 020 | _a9789699370106 | ||
| 025 | _aP-E-2011329633 ; 28 | ||
| 037 |
_bLibrary of Congress -- Islamabad Overseas Office _cRs. 1000.00 |
||
| 040 |
_aDLC _cDLC _dDLC |
||
| 042 |
_alcode _apcc |
||
| 043 | _aa-pk--- | ||
| 050 | 0 | 0 |
_aDS392.B28 _bC66 2012 |
| 082 | _a954.915,CON | ||
| 245 | 0 | 0 |
_aConflict and insecurity in Balochistan / _cA report by Pakistan Institute for Peace Studies. |
| 250 | _aEd. 1. | ||
| 260 |
_aIslamabad : _bNarratives Publication, _c2012. |
||
| 300 |
_a191 p. ; _c22 cm. |
||
| 505 | _aFactors of conflict (Page-13), Actors (Page-59), Dynamics of conflict (Page-105), State responses and capacities (Page-139), Strategic policy options for peace and security (Page-151). | ||
| 650 | 0 |
_aInsurgency _zPakistan _zBalochistān. _9108950 |
|
| 650 | 0 |
_aPolitical violence _zPakistan _zBalochistān. _9105531 |
|
| 650 | 0 |
_aNationalism _zPakistan _zBalochistān. _9108951 |
|
| 651 | 0 |
_aBalochistān (Pakistan) _xPolitics and government. _93937 |
|
| 710 | 2 | _aPak Institute for Peace Studies. | |
| 856 | 4 | 1 |
_3Table of contents only _uhttp://www.loc.gov/catdir/toc/fy13pdf02/2011329633.html |
| 906 |
_a7 _bcbc _corigode _d3 _encip _f20 _gy-gencatlg |
||
| 942 |
_2ddc _cBK _k954.915,CON |
||
| 999 |
_c593235 _d593235 |
||